Strategic management of technology and innovation / (Record no. 3465)
[ view plain ]
| 000 -LEADER | |
|---|---|
| fixed length control field | 01645nam a2200217Ia 4500 |
| 020 ## - INTERNATIONAL STANDARD BOOK NUMBER | |
| ISBN | 0071232303 |
| 050 ## - CALL NUMBER | |
| Classification number | HD45 |
| Item number | .B799 |
| 100 1# - AUTHOR | |
| Personal name | Burgelman, Robert A. |
| 245 10 - TITLE | |
| Title | Strategic management of technology and innovation / |
| Statement of responsibility, etc | Robert Burgelman, Clayton Christensen and Steven Wheelwright. |
| 250 ## - EDITION | |
| Edition statement | Fourth edition. |
| 260 ## - PUBLICATION INFORMATION | |
| Place of publication | Boston |
| Name of publisher | McGraw-Hill |
| Year of publication | 2004 |
| 300 ## - DESCRIPTION | |
| Number of Pages | xiv, 1,207 pages ; |
| Dimensions | 26 cm. |
| 500 ## - NOTES | |
| General note | Includes index |
| 505 ## - FORMATTED CONTENTS NOTE | |
| Table of Content | Part 1. Integrating technology and strategy: A general management perspective --<br/>Chapter 1. Technological innovation --<br/>Chapter 2. Technological innovation and strategy --<br/><br/>Part 2. Design and implementation of technology strategy: An evolutionary perspective --<br/>Chapter 3. Technological evolution --<br/>Chapter 4. Industry context --<br/>Chapter 5. Organizational context --<br/>Chapter 6. Strategic action --<br/><br/><br/>Part 3. Enactment of technology strategy: Developing a firm's innovative capabilities --<br/>Chapter 7. Internal and external sources of technology --<br/>Chapter 8. Linking new technology and novel customer needs --<br/>Chapter 9. Internal corporate venturing --<br/><br/>Part 4. Enactment of technology strategy: Creating and implementing a development strategy --<br/>Chapter 10. New product development --<br/>Chapter 11. Building competences/capabilities through new product development --<br/><br/>Part 5. Conclusion: Innovation challenges in established firms. |
| 650 #0 - SUBJECTS | |
| Topical Term | Technological innovations |
| General subdivision | Management. |
| 650 #0 - SUBJECTS | |
| Topical Term | New products |
| General subdivision | Management. |
| 650 #0 - SUBJECTS | |
| Topical Term | High technology industries |
| General subdivision | Management. |
| 700 1# - OTHER AUTHORS | |
| Personal name | Christensen, Clayton M. |
| 700 1# - OTHER AUTHORS | |
| Personal name | Wheelwright, Steven C., |
| 942 ## - ADDED ENTRY ELEMENTS (KOHA) | |
| Koha item type | Books |
| Withdrawn status | Lost status | Collection code | Home library | Current library | Shelving location | Date acquired | Full call number | Accession Number | Koha item type |
|---|---|---|---|---|---|---|---|---|---|
| Reference | Methodist University Library Main | Methodist University Library Main | General Stacks | 30/03/2010 | HD45 .B799 | 30857 | Books |